[Event "Manizales op 20th"]
[Site "Manizales"]
[Date "2008.01.13"]
[Round "7"]
[White "Jimenez, Adriana"]
[Black "D'Abraccio, Guillermo"]
[Result "0-1"]
[WhiteElo "1653"]
[BlackElo "1600"]
[PlyCount "26"]
[EventDate "2008.01.10"]
[EventType "swiss"]
[EventRounds "7"]
[EventCountry "COL"]
[SourceTitle "EXT 2010"]
[Source "ChessBase"]
[SourceDate "2010.11.25"]
[SourceVersion "1"]
[SourceVersionDate "2010.11.25"]
[SourceQuality "1"]

1. e4 e6 2. d4 d5 3. Nd2 c5 4. exd5 exd5 5. dxc5 Nc6 6. Ngf3 Bxc5 7. Nb3 Bb6 8. Bb5 Nge7 9. 0-0 0-0 10. c3 Bg4 11. h3 Bh5 12. Re1 Qc7 13. g4 Qg3+ 0-1

[Event "Manizales op 20th"]
[Site "Manizales"]
[Date "2008.01.13"]
[Round "6"]
[White "Valencia, Fabio"]
[Black "D'Abraccio, Guillermo"]
[Result "0-1"]
[WhiteElo "1616"]
[BlackElo "1600"]
[PlyCount "57"]
[EventDate "2008.01.10"]
[EventType "swiss"]
[EventRounds "7"]
[EventCountry "COL"]
[SourceTitle "EXT 2010"]
[Source "ChessBase"]
[SourceDate "2010.11.25"]
[SourceVersion "1"]
[SourceVersionDate "2010.11.25"]
[SourceQuality "1"]

1. d4 d5 2. Nf3 Nf6 3. c4 e6 4. Bg5 Be7 5. e3 c6 6. Nc3 Nbd7 7. Bd3 a6 8. Rc1 0-0 9. 0-0 dxc4 10. Bxc4 b5 11. Bd3 Bb7 12. a3 c5 13. Bb1 c4 14. Ne5 Rc8 15. Bxf6 Nxf6 16. Ng4 g6 17. f4 Re8 18. Nxf6+ Bxf6 19. Ne4 Be7 20. Qf3 Kg7 21. Qh3 Rh8 22. g4 Qd5 23. f5 exf5 24. gxf5 f6 25. Qg4 g5 26. Qh5 Qf7 27. Qxf7+ Kxf7 28. Nc3 h5 29. Bd3 0-1